| 000 | 00671nam a22001937a 4500 | ||
|---|---|---|---|
| 003 | OSt | ||
| 005 | 20251126083401.0 | ||
| 008 | 251126b |||||||| |||| 00| 0 eng d | ||
| 020 | _a0-534-64152-0. | ||
| 040 |
_aDWCL-Main lib _cOC |
||
| 082 |
_25th ed. _aCirc. 371.15 L495t 2006 |
||
| 100 | _aLefrancois, Guy R. | ||
| 245 |
_aTheories of human learning : _bwhat the old man said 5th ed. _cLefrancois, Guy R. |
||
| 260 |
_aBelmont, Ca. : _bThomson/Wadsworth, _cc2006. |
||
| 300 |
_axxiv, 469 pages : _billustration ; _c24 cm. |
||
| 504 | _aIncludes bibliographical references and indexes. | ||
| 650 | _21. Psychology of learning. | ||
| 942 |
_2ddc _cBK-CIRC _e5th ed. _kCirc. _n0 |
||
| 999 |
_c6339 _d6339 |
||